000 00799nam a22002772a 4500
001 14370
003 BD-RjUL
005 20211208235621.0
008 140205s1964 nyua b 001 0 eng d
035 _a(BD-RjUL)14422
040 _aDLC
_cDLC
_dOCL
_dEQO
_dBD-RjUL
_beng
041 _aeng
082 0 0 _a646
_bERC 1964
100 1 _aErwin, Mabel Deane.
_944842
245 1 0 _aClothing for moderns /
_cby Mabel D. Erwin and Lila A. Kinchen
250 _a3rd ed
260 _aNew York :
_bMacmillan,
_c1964.
300 _av, 600 p. :
_bill.;
_c24 cm
504 _aIncludes bibliographical references and index.
650 0 _aDressmaking
_944843
650 0 _aClothing and dress
_944162
700 1 _aKinchen, Lila A.
_944844
942 _2ddc
_cBK
999 _c14370
_d14370